Jubilant Pavol Zelenay

Bibliographic Details
Main Author: Jurík, Marián, 1933-1999 (Author)
Format: Article
Language:Slovak
PhysicalDescription:Fotogr.
Subjects:

MARC

LEADER 00000nab a2200000 a 4500
001 vtls000662158
003 SK-MaSNL
005 20260304095727.0
008 250425c1998 xo 0 slo
015 |a SNBRB1998/05-13577 
035 |a CLN000014347 
035 |a urn:nbn:sk:snk-ab22ow 
035 |a (urnnbn)urn:nbn:sk:snk:ar-a01gj7 
035 |a (uuid)83e26617-2caf-42da-85db-15607dedefe1 
040 |a SNKBUCL  |b slo  |c SNKBUCL  |e AACR2 
041 0 |a slo 
044 |a xo  |c SK 
080 |a 78.071.1  |2 1997 
080 |a 784.66  |2 1997 
100 1 |a Jurík, Marián,  |d 1933-1999  |4 aut  |9 114076 
245 1 0 |a Jubilant Pavol Zelenay  |c Marián Jurík 
300 |b Fotogr. 
600 1 7 |a Zelenay, Pavol,  |d 1928-2024  |2 snkbucl  |9 244826 
655 7 |a články z novín a časopisov  |2 snkbucl  |9 267496 
773 0 |t Hudobný život '98  |g Roč. 30, č. 9 (1998), s. 4 
850 |a Slovenská národná knižnica 
852 |a Slovenská národná knižnica 
954 |a odborná, vedecká literatúra pôvodná (slovenská)  |2 lita 
958 |a article27 
958 |a OND 
958 |a SK 
958 |a EUIPO 
992 |a RBX 
999 |c 2834113  |d 2836043